000 01418cam a22003737a 4500
003 CHAP
005 20220329142047.0
008 990518 1996 mx b r 00010 spa d
010 _a77825
011 _a78797
020 _a9687213957
035 _a88874
040 _cCHAP
090 _aJRZ-133
100 0 0 _aRzedowski Rotter, Jerzy.
_9101052
245 1 0 _aNota sobre la vegetación y la flora del noreste del estado de Guanajuato
_c/por Jerzy Rzedowski, Graciela Calderón de Rzedowski y Raquel Galván
260 _aPátzcuaro, Mich, :
_bInstituto de Ecología A.C. Centro Regional del Bajío,
_c1996.
300 _a22 p. :
_bmapas
490 0 _aFlora del Bajío y de Regiones Adyacentes. Fascículo complementario
_v; 14
590 _aBATCH-UPD
_b10
_c20130110
_lUCH01
_h0135
590 _aBATCH-UPD
_b10
_c20130110
_lUCH01
_h2302
590 _aBATCH-UPD
_b10
_c20130409
_lUCH01
_h2131
590 _aBATCH-UPD
_b10
_c20130410
_lUCH01
_h1554
590 _aBATCH-UPD
_b10
_c20130914
_lUCH01
_h0737
590 _aCONVERSION
_b10
_c20130109
_lUCH01
_h1343
650 1 4 _aBotánica
_xGuanajuato.
_914546
700 0 _aCalderón de Rzedowski, Graciela.
_917385
700 0 _aGalván, Raquel.
_944547
830 0 _aFlora del Bajío y de Regiones Adyacentes. Fascículo complementario
_v; 14
_941325
901 _aBK
905 _aMayto Villalobos S.
942 _cFOLL
949 _aJRZ-133
_bBC
_cFOLL
_d888741
_eTS1
_i88874
_sb
999 _c77825
_d77825